Exégesis del código tributario : (Registro nro. 22036)

Detalles MARC
000 -Cabecera
Campo de control interno 01016nam a2200265Ia 4500
005 - Fecha y hora del registro
control field 20260320113336.0
008 - Elementos de Longitud Fija
fixed length control field 260320s9999||||xx |||||||||||||| ||und||
020 ## - ISBN
ISBN 9786124205729
041 ## - Idioma
Codigo Idioma ESP
082 ## - DEWEY y NOTACIÓN INTERNA
Dewey 343.8
Notación Interna P42
100 ## - AUTOR
Autor denominación Peñaranda Iglesias, Alan Augusto,
Término de relación autor
245 #0 - TÍTULO DE MATERIAL BIBLIOGRÁFICO
Título Exégesis del código tributario :
Título paralelo análisis y comentarios del código tributario
246 ## - TÍTULO TRADUCIDO
Título
Título paralelo
Autor
250 ## - EDICIÓN
Edición Primera edición
260 ## - CIUDAD, EDITORIAL, AÑO
Ciudad Lima :
Nombre de la Editorial Superintendencia Nacional de Aduanas y de Administración Tributaria,
Año 2024
300 ## - DESCRIPCIÓN
N° Páginas 1413 páginas :
Otros detalles cuadros, tablas ;
Dimensiones 25 cm.
Material Adicional
440 ## - MENCIÓN DE SERIE
Título de la Serie
Número de Serie
Volumen de Serie
650 ## - TEMAS
Temas Ciencias Sociales
653 ## - DESCRIPTORES
Lenguajes no controlado Derecho tributario; Código tributario
654 ## - PROGRAMAS
Programa
700 ## - OTROS AUTORES
Otros autores Montesinos Corro, Álvaro Manuel; Tudela Tello, Andree César Augusto; Flores Espinoza, Carlos Augusto [y otros veintiuno]
Títulos y otras palabras asociadas con el nombre autores
856 ## - URL - UBICACIÓN
URI/URL: Enlace exacto del recurso <a href="https://0u214o9oa-y-https-app-vlex-com.itmsp.museknowledge.com/">https://0u214o9oa-y-https-app-vlex-com.itmsp.museknowledge.com/</a>
Nota pública: Versión digital <a href="Véase además: Base de datos Vlex">Véase además: Base de datos Vlex</a>
942 ## - ELEMENTOS DE KOHA
Tipo de documento Libro
Nombre del creador Justo Noguera
Código de catalogador Margarita Torres
Esquema de clasificación Dewey Decimal Classification
Suppress in OPAC
Existencias
Codigo completo Registro Colección Copia número Disponibilidad Tipo de préstamo Biblioteca Actual Procedencia (Biblioteca) Ubicacón Fecha Ingreso Tipo de Adquisición Observación Date last seen Total checkouts Price effective from Tipo de Item Estado del Material Fuente de Clasificación Damaged status Withdrawn status
343.8 P42 1087271 Universidad Católica San Pablo 1 Disponible Disponible Víctor Andrés Belaunde Víctor Andrés Belaunde Primer piso 10/03/2026 Donación Rectorado UCSP 20/03/2026   20/03/2026 Libro Bueno Dewey Decimal Classification